Elenca la formazione - Finale UEFA Champions League 1994-1995 - Statistics

Statistiche generali
  • Questo quiz è stato fatto 24 volte
  • Il punteggio medio è 13 su 22
Statistiche sulle risposte
Ruolo Nazione Calciatore % Corretto
Difensore Italia Paolo Maldini
100%
Difensore Italia Alessandro Costacurta
95%
Portiere Italia Sebastiano Rossi
95%
Difensore Italia Franco Baresi
90%
Centrocampista Italia Roberto Donadoni
86%
Attaccante Italia Daniele Massaro
81%
Portiere Paesi Bassi Edwin van der Sar
81%
Trequartista Paesi Bassi Jari Litmanen
81%
Centrocampista Croazia Zvonimir Boban
81%
Centrocampista Francia Marcel Desailly
71%
Centrocampista Italia Demetrio Albertini
67%
Difensore Italia Christian Panucci
57%
Centrocampista Paesi Bassi Edgar Davids
52%
Difensore Paesi Bassi Frank de Boer
52%
Attaccante Italia Marco Simone
52%
Attaccante Paesi Bassi Ronald de Boer
52%
Centrocampista Paesi Bassi Clarence Seedorf
48%
Difensore Paesi Bassi Frank Rijkaard
24%
Attaccante Finlandia Marc Overmars
24%
Attaccante Nigeria Finidi George
19%
Difensore Paesi Bassi Danny Blind
14%
Difensore Paesi Bassi Michael Reiziger
14%
Nessun quiz corrispondente trovato
Distribuzione punteggi
Percentuale di utenti per punteggio
Percentile per numero di risposta
I tuoi punteggi nel tempo
Non hai fatto questo quiz